| 000 | 00903nam a2200229 a 4500 | ||
|---|---|---|---|
| 001 | 81438 | ||
| 003 | BD-RjUL | ||
| 005 | 20230523104022.0 | ||
| 008 | 230523s2022 bg ||||| |||| 00| 0 ben d | ||
| 020 | _a9789848143825 | ||
| 035 | _a(BD-RjUL)81438 | ||
| 040 |
_aBD-RjUL _beng _cBD-RjUL |
||
| 041 | _aben | ||
| 082 |
_223 _a494.8303 _bSHU 2022 |
||
| 100 |
_aশীল, দীপংকর _97611 |
||
| 245 |
_aউরাং জনগোষ্ঠীর কুরুখ ভাষা পরিচয় ও অভিধান / _cদীপংকর শীল |
||
| 260 |
_aকমলগঞ্জ, মৌলভীবাজার : _bউপজেলা শিল্পকলা একাডেমি, _c২০২২ |
||
| 300 |
_a১৮৪ পৃ.; _c২২ সেমি. |
||
| 650 |
_aকুরুখ ভাষা _vঅভিধান _97612 |
||
| 650 |
_aKurukh language _vDictionary _97613 |
||
| 942 |
_2ddc _cBK |
||
| 999 |
_c81438 _d81438 |
||